000
00246nam a22000977a 4500
005
20260327112041.0
100
_a
Rubber Board
245
_a
Madhyamaprathinidhikal rubber board sandharsichu
260
_b
Rubber, 718(March): 14-15. 2026.
942
_c
JS
999
_c
75893
_d
75893